عرض عادي
عرض مارك
- Shock (Mechanics)
مدخل مصطلح موضوعي
001 - رقم الضبط
- حقل الضبط: 12005
003 - معرف رقم الضبط
- حقل الضبط: OSt
005 - تاريخ ووقت أخر عملية
- حقل الضبط: 20120427161510.0
008 - عناصر بيانات ثابتة الطول
- حقل تحكم ثابت الطول: 120427|||a|||||| | ||| d
040 ## - مصدر الفهرسة
- هيئة الفهرسة الأصلية: OSt
- وكالة الكتابة: OSt
150 ## - مدخل-- مصطلح تاريخي
- عنصر مدخل المصطلح الموضوعي او الاسم الجغرافي: Shock (Mechanics)
- تفريع شكلي: Congresses.
670 ## - بيانات المصدر موجوده
- الاستشهاد بالمصدر: Work cat.: (OSt)24144: International Conference on Structures Under Shock and Impact (11th : 2010 : Tallinn, Estonia) 12002, Structures under shock and impact XI /, c2010.
